Controversy to President - Statistics

General Stats
  • This quiz has been taken 50 times
  • The average score is 9 of 14
Answer Stats
Hint Answer % Correct
Monica Lewinsky Bill Clinton
95%
Watergate Richard Nixon
86%
Covid Vaccines Joe Biden
84%
Russian Interference Donald Trump
76%
Slave Threat Abraham Lincoln
70%
Vietnam War Lyndon Johnson
65%
Persian Gulf War George H. W. Bush
62%
Nuclear Bombs Harry Truman
62%
Freedom Fries George W. Bush
59%
Iran-Contra Affair Ronald Reagan
51%
Sally Hemings Thomas Jefferson
49%
Vatican Control John F. Kennedy
46%
The Whiskey Ring Ulysses Grant
41%
Teapot Dome Warren G. Harding
41%
No matching quizzes found
Score Distribution
Percent of People with Each Score
Percentile by Number Answered
Your Score History
You have not taken this quiz